Länder Asiens nach Fläche (mit Karte) - Statistiken

Allgemein
  • Dieses Quiz wurde 21 mal gespielt
    5 seit der letzten Aktualisierung
  • Das Durchschnittsergebnis liegt bei 27 aus 49
Antworten auf der Karte
Die Antworten werden auf der Karte rot bzw. grün angezeigt, abhängig davon wie oft sie richtig erraten wurden.
 
Antwortstatistiken
Fläche Land % Korrekt
3'287'263 km² Indien
80%
147'181 km² Nepal
80%
652'230 km² Afghanistan
60%
29'743 km² Armenien
60%
86'600 km² Aserbaidschan
60%
148'460 km² Bangladesch
60%
38'394 km² Bhutan
60%
9'596'960 km² China
60%
69'700 km² Georgien
60%
1'904'569 km² Indonesien
60%
438'317 km² Irak
60%
1'648'195 km² Iran
60%
21'937 km² Israel
60%
377'975 km² Japan
60%
527'968 km² Jemen
60%
89'342 km² Jordanien
60%
181'035 km² Kambodscha
60%
2'724'900 km² Kasachstan
60%
11'586 km² Katar
60%
17'818 km² Kuwait
60%
236'800 km² Laos
60%
10'400 km² Libanon
60%
330'803 km² Malaysia
60%
1'564'116 km² Mongolei
60%
120'538 km² Nordkorea
60%
309'500 km² Oman
60%
14'874 km² Osttimor
60%
796'095 km² Pakistan
60%
300'000 km² Philippinen
60%
2'149'690 km² Saudi-Arabien
60%
719 km² Singapur
60%
99'720 km² Südkorea
60%
187'437 km² Syrien
60%
144'100 km² Tadschikistan
60%
513'120 km² Thailand
60%
783'562 km² Türkei
60%
447'400 km² Usbekistan
60%
331'210 km² Vietnam
60%
9'251 km² Zypern
60%
760 km² Bahrain
40%
5'765 km² Brunei
40%
199'951 km² Kirgistan
40%
298 km² Malediven
40%
676'578 km² Myanmar
40%
65'610 km² Sri Lanka
40%
488'100 km² Turkmenistan
40%
83'600 km² Vereinigte Arabische Emirate
40%
17'098'242 km² Russland
20%
1'001'450 km² Ägypten
0%
Keine übereinstimmenden Quizze gefunden
Verteilung der Resultate
Anzahl Personen mit jedem Resultat
Perzentil nach korrekt beantworteten Fragen
Ihre Resultats-Entwicklung
Sie haben dieses Quiz seit der letzten Aktualisierung nicht gespielt